[Event "Queenstown Classic"]
[Site "Queenstown"]
[Date "2009.01.19"]
[Round "5.30"]
[White "Davis, Justin"]
[Black "Schon, Eugene"]
[Result "0-1"]
[WhiteElo "1955"]
[BlackElo "2115"]
[PlyCount "88"]
[EventDate "2009.??.??"]

1. e4 e5 2. Nf3 Nc6 3. Bb5 a6 4. Bxc6 dxc6 5. O-O f6 6. d4 Bg4 7. dxe5 Qxd1 8.
Rxd1 fxe5 9. Rd3 Bd6 10. Nbd2 b5 11. c4 c5 12. a4 b4 13. b3 Ne7 14. Bb2 Nc6 15.
Re1 O-O 16. Nf1 Bxf3 17. Rxf3 Rxf3 18. gxf3 Nd4 19. Re3 Rf8 20. Nd2 Be7 21.
Bxd4 cxd4 22. Rd3 Bg5 23. Nf1 c5 24. Ng3 Kf7 25. Kg2 Kg6 26. Rd1 h5 27. Rd3 Rh8
28. Ne2 Kf6 29. Kg3 Bh6 30. f4 exf4+ 31. Nxf4 Bxf4+ 32. Kxf4 g5+ 33. Kg3 Ke5
34. f3 g4 35. h3 gxf3 36. Kxf3 Rf8+ 37. Ke2 Kxe4 38. Rg3 d3+ 39. Ke1 h4 40. Rg5
Ke3 41. Re5+ Kd4 42. Rd5+ Kc3 43. Rxc5 d2+ 44. Ke2 Rf2+ 0-1

[Event "Queenstown Classic"]
[Site "Queenstown"]
[Date "????.??.??"]
[Round "5.31"]
[White "Shen, Daniel"]
[Black "Nyberg, Michael"]
[Result "1-0"]
[WhiteElo "2098"]
[BlackElo "1969"]
[PlyCount "61"]
[EventDate "2009.??.??"]

1. e4 e5 2. Nf3 Nc6 3. Bc4 Be7 4. d3 Nf6 5. c3 d6 6. Nbd2 a6 7. Bb3 Na5 8. Bc2
c5 9. O-O Nc6 10. Re1 b5 11. Nf1 O-O 12. h3 h6 13. d4 cxd4 14. cxd4 Qc7 15. Be3
Nb4 16. Bb3 Bb7 17. Rc1 Qb8 18. Qd2 a5 19. Ng3 Nxe4 20. Nxe4 Bxe4 21. Bxh6 Bxf3
22. gxf3 gxh6 23. Qxh6 d5 24. Kh1 Ra6 25. Rg1+ Rg6 26. Rxg6+ fxg6 27. Qxg6+ Kh8
28. Qh6+ Kg8 29. Rg1+ Bg5 30. Rxg5+ Kf7 31. Rg7+ 1-0

[Event "Queenstown Classic"]
[Site "Queenstown"]
[Date "????.??.??"]
[Round "5.32"]
[White "Post, Martin"]
[Black "Forster, Bill"]
[Result "0-1"]
[WhiteElo "2094"]
[BlackElo "1955"]
[PlyCount "62"]
[EventDate "2009.??.??"]

1. d4 Nf6 2. e3 g6 3. c3 Bg7 4. Bd3 d6 5. Nf3 Nc6 6. Nbd2 e5 7. O-O O-O 8. b4
Nd5 9. Qb3 exd4 10. Nxd4 Ne5 11. Be2 Ne7 12. Bb2 Nf5 13. c4 g5 14. f4 gxf4 15.
exf4 Ng6 16. Nxf5 Bxf5 17. Bxg7 Kxg7 18. g4 Re8 19. Bf3 Bc8 20. f5 Ne5 21. Ne4
Qh4 22. Ng3 Nxg4 23. Qc3+ Kg8 24. Bxg4 Qxg4 25. Kh1 Bd7 26. b5 Re5 27. Rg1 Kf8
28. Rae1 Rae8 29. Re4 Rxe4 30. Ne2 Qxe2 31. f6 Bg4 0-1

[Event "Queenstown Classic"]
[Site "Queenstown"]
[Date "????.??.??"]
[Round "5.33"]
[White "Aldridge, Alan"]
[Black "Grigorian-Lyell, Meri"]
[Result "0-1"]
[WhiteElo "1946"]
[BlackElo "2092"]
[PlyCount "68"]
[EventDate "2009.??.??"]

1. d4 d5 2. c4 e5 3. dxe5 d4 4. Nf3 Nc6 5. a3 a5 6. Qd3 Nge7 7. g3 Ng6 8. Bf4
Bg4 9. Nbd2 Qd7 10. Bg2 Rd8 11. O-O a4 12. Qc2 Na5 13. e3 Bf5 14. Qc1 c5 15.
Re1 Be7 16. Qd1 O-O 17. exd4 cxd4 18. Bg5 Rfe8 19. Bxe7 Rxe7 20. b4 axb3 21.
Nxb3 Nc6 22. Nc5 Qc7 23. Qb3 Na5 24. Qb4 b6 25. Na6 Qa7 26. Rad1 d3 27. Nh4
Nxh4 28. gxh4 Bc8 29. Be4 Bxa6 30. Bxd3 Rde8 31. Qb1 h6 32. Qc2 Nc6 33. f4 Qc7
34. Bf5 Na5 0-1

[Event "Queenstown Classic"]
[Site "Queenstown"]
[Date "????.??.??"]
[Round "5.34"]
[White "Safarian, Alex"]
[Black "Guo-Yuthok, Sherab"]
[Result "1/2-1/2"]
[WhiteElo "2068"]
[BlackElo "1913"]
[PlyCount "75"]
[EventDate "2009.??.??"]

1. d4 Nf6 2. c4 c5 3. d5 b5 4. cxb5 a6 5. f3 d6 6. e4 g6 7. Nc3 Bg7 8. a4 Nbd7
9. Rb1 O-O 10. b3 Re8 11. Be3 Qc7 12. Qd2 e6 13. dxe6 fxe6 14. Bc4 Nb6 15. Bf4
Rd8 16. Nge2 Qf7 17. Be3 Bb7 18. bxa6 Nxc4 19. bxc4 Bc6 20. Nb5 d5 21. exd5
exd5 22. Bxc5 Rxa6 23. O-O Rxa4 24. Nec3 Rxc4 25. Nd6 Qf8 26. Nxc4 Qxc5+ 27.
Ne3 Re8 28. Ncd1 Bh6 29. Rc1 Qd6 30. Qd4 Bb5 31. Rf2 Qf4 32. Qxf4 Bxf4 33. Rb1
Ba4 34. Nc2 d4 35. g3 d3 36. Nb4 Bxd1 37. gxf4 Be2 38. Rb2 1/2-1/2

[Event "Queenstown Classic"]
[Site "Queenstown"]
[Date "2009.01.19"]
[Round "5.45"]
[White "Siripornpitak, Boyd"]
[Black "Harris, Rebecca"]
[Result "0-1"]
[WhiteElo "1564"]
[BlackElo "1975"]
[PlyCount "64"]
[EventDate "2009.??.??"]

1. e4 c5 2. Nf3 e6 3. d4 cxd4 4. Nxd4 Nf6 5. Nc3 Nc6 6. Ndb5 Bb4 7. a3 Bxc3+ 8.
Nxc3 d5 9. exd5 exd5 10. Bd3 O-O 11. O-O d4 12. Ne2 Qd5 13. Nf4 Qd6 14. Re1 Rd8
15. Bb5 Bf5 16. Nd3 Nd5 17. Qf3 Bg6 18. Ba4 Rac8 19. Bg5 f6 20. Bh4 Nce7 21.
Bg3 Qa6 22. Bb3 Kh8 23. Rad1 Qb6 24. Rd2 a5 25. Nf4 Nxf4 26. Bxf4 Nc6 27. Qg3
d3 28. Be6 Re8 29. Re3 Qxb2 30. Rd1 dxc2 31. Rde1 c1=Q 32. Bxc8 Qxe1+ 0-1